Score 0/19 Timer 02:00
2 Plays Today
Clue 4-Letter Word % Correct
Green skinned Jim Carrey characterMASK
92.8%
Make sounds like a dogBARK
91.4%
US Presidents #41 or #43BUSH
90.3%
Korean War TV showM*A*S*H
85.7%
A big party or to hit violentlyBASH
85.5%
Sled dog commandMUSH
85.5%
To lie out in the sun to tanBASK
81.4%
US President #38FORD
72.7%
Small pieTART
72.1%
Partner of Taylor?LORD
70.9%
Clue 4-Letter Word % Correct
Fat made from rendered porkLARD
70.8%
PoetBARD
70%
US President #27TAFT
64.7%
Permanent military postFORT
63.6%
US President #11POLK
63.5%
'___ the Knife'MACK
63.1%
Wrongful act one can sue overTORT
59.9%
Ridicule or jeerMOCK
53.2%
A skin pustule caused by a diseasePOCK
48.9%

Today's Daily Dose

Remove Ads.
Support Sporcle.
Get the best of Sporcle when you Go Orange. This ad-free experience offers more features, more stats, and more fun while also helping to support Sporcle. Thank you for becoming a member.

You're not logged in!

Compare scores with friends on all Sporcle quizzes.
OR
Log In

Show Comments

Extras

Top Quizzes Today


Score Distribution

Your Account Isn't Verified!

In order to create a playlist on Sporcle, you need to verify the email address you used during registration. Go to your Sporcle Settings to finish the process.

Report this User

Report this user for behavior that violates our Community Guidelines.

Details: